[Event "BL2-O9899"]
[Site "Germany"]
[Date "1998.10.18"]
[Round "1.7"]
[White "Rupp, Markus"]
[Black "Schultz, Andreas"]
[Result "0-1"]
[WhiteElo "2235"]
[BlackElo "2155"]

1.e4 e6 2.d4 d5 3.Nc3 Bb4 4.e5 Ne7 5.a3 Bxc3+ 6.bxc3 c5 7.Qg4 O-O 8.Bd3 f5
9.exf6 Rxf6 10.Bg5 Rf7 11.Qh4 h6 12.Bxe7 Rxe7 13.Qg3 c4 14.Bg6 Bd7 15.f4 Be8
16.Bxe8 Rxe8 17.Ne2 Nd7 18.O-O Nf6 19.Qe3 Qd6 20.h3 Rf8 21.Ng3 Rae8 22.a4 Rf7
23.Rf2 Qc6 24.Re2 h5 25.Nf1 h4 26.Qf2 Ne4 27.Qxh4 Ref8 28.g3 Nxc3 29.Re5 Rf5
30.Rae1 Ne4 31.Ne3 Rxe5 32.dxe5 Nd2 33.Kf2 d4 34.Ng4 Rf5 35.Nh2 d3 36.cxd3 c3
37.Qd8+ Rf8 38.Qd6 Rc8 39.Nf3 Qxf3+  0-1

[Event "Cap d'Agde-A"]
[Site "Cap d'Agde"]
[Date "1998.10.26"]
[Round "4"]
[White "Kobese, Watu"]
[Black "Hamdouchi, Hichem"]
[Result "0-1"]
[WhiteElo "2415"]
[BlackElo "2555"]

1.e4 e6 2.d4 d5 3.Nc3 Bb4 4.e5 b6 5.a3 Bf8 6.Bb5+ c6 7.Ba4 Ba6 8.Nce2 Bb5
9.Bb3 c5 10.c3 Nc6 11.h4 Qd7 12.Nf3 h5 13.Bc2 Nge7 14.Nf4 cxd4 15.cxd4 O-O-O
16.Ng5 Nf5 17.Bxf5 exf5 18.Be3 Kb7 19.Nd3 Re8 20.O-O f6 21.exf6 gxf6 22.Nh3 Bd6
23.a4 Ba6 24.a5 Nxa5 25.Bf4 Qb5 26.Qf3 Bxf4 27.Nhxf4 Re4 28.Ng6 Rd8 29.Ndf4 Nb3
30.Rad1 Nd2 31.Rxd2 Qxf1+ 32.Kh2 Qc1 33.Rd1 Qc7 34.g3 Bb5 35.Qxh5 Qc2 36.Kg2 Rd7
37.Nf8 Rxf4 38.gxf4 Rg7+ 39.Ng6 Be8  0-1

[Event "Young Masters 5th"]
[Site "Loures"]
[Date "1998.11.09"]
[Round "7"]
[White "Santo Roman, Marc"]
[Black "Reis, Luis Sousa"]
[Result "1-0"]
[WhiteElo "2375"]
[BlackElo "2225"]

1.e4 e6 2.d4 d5 3.Nc3 Bb4 4.e5 Qd7 5.a3 Bxc3+ 6.bxc3 b6 7.Bd3 Ba6 8.Qg4 f5
9.exf6 Nxf6 10.Qh3 Bxd3 11.cxd3 c5 12.Nf3 Nc6 13.O-O O-O 14.Re1 Rae8 15.Bf4 Ne4
16.dxe4 Rxf4 17.exd5 Qxd5 18.dxc5 Qxc5 19.Rxe6 Ref8 20.Re3 Kh8 21.Rae1 g5
22.Qh6 R4f6 23.Qxg5 Qxg5 24.Nxg5 Rxf2 25.Rh3 Ra2 26.Rxh7+ Kg8 27.Rc7 Ne5
28.h4 Ng6 29.Ne6 Rf7 30.Rc8+ Nf8 31.Nxf8 Rxf8 32.Rc7 Rxa3 33.Ree7 Rf4 34.h5 Ra1+
35.Kh2 Ra5 36.g4 Rf3 37.Kg2 Rf6 38.Kg3 Rc5 39.Re8+ Rf8 40.Rxf8+ Kxf8 41.Rxc5  1-0

[Event "SLO-chT"]
[Site "Bled"]
[Date "1998.11.10"]
[Round "4"]
[White "Sax, Gyula"]
[Black "Farago, Ivan"]
[Result "1/2-1/2"]
[WhiteElo "2525"]
[BlackElo "2530"]

1.e4 e6 2.d4 d5 3.Nc3 Bb4 4.e5 Ne7 5.a3 Bxc3+ 6.bxc3 c5 7.Qg4 O-O 8.Bd3 f5
9.exf6 Rxf6 10.Bg5 Rf7 11.Qh4 h6  1/2-1/2

[Event "Young Masters 5th"]
[Site "Loures"]
[Date "1998.11.11"]
[Round "9"]
[White "Moreno, Javier"]
[Black "Del Rio, Salvador Gabriel"]
[Result "1/2-1/2"]
[WhiteElo "2430"]
[BlackElo "2365"]

1.e4 e6 2.d4 d5 3.Nc3 Bb4 4.e5 Ne7 5.a3 Bxc3+ 6.bxc3 c5 7.a4 Qa5 8.Bd2 Nbc6
9.Nf3 Bd7 10.Bb5 Qc7 11.O-O O-O 12.Bf4 Ng6 13.Bc1 f6 14.Re1 fxe5 15.Bxc6 Bxc6
16.Nxe5 Nxe5 17.Rxe5 cxd4 18.Qxd4  1/2-1/2

[Event "Budapest FS11 IM-B"]
[Site "Budapest"]
[Date "1998.11.13"]
[Round "7"]
[White "Rimawi, B T."]
[Black "Jamrich, Gyorgy"]
[Result "0-1"]
[WhiteElo "2250"]
[BlackElo "2310"]

1.e4 e6 2.d4 d5 3.Nc3 Bb4 4.e5 b6 5.a3 Bf8 6.Bb5+ c6 7.Ba4 Bd7 8.Nf3 c5 9.Bg5 Be7
10.Bxd7+ Qxd7 11.dxc5 bxc5 12.Bxe7 Nxe7 13.b4 O-O 14.O-O Rc8 15.Ne2 Ng6 16.bxc5 Rxc5
17.Ned4 Qc7 18.Re1 Nd7 19.Qe2 Rb8 20.h4 h6 21.g3 Rc4 22.Rad1 Nc5 23.h5 Ne7
24.Rb1 Ne4 25.Rb3 Rb6 26.Qe3 Rxb3 27.cxb3 Rc3 28.Qf4 a6 29.Qh4 Nf5 30.Nxf5 Rxf3
31.Nd4 Rd3 32.Rxe4 dxe4 33.Qxe4 Rd1+ 34.Kg2 Qd8 35.Nc6 Qd3 36.Qxd3 Rxd3 37.Nb4 Rxb3
38.Nxa6 Rxa3  0-1

[Event "Cologne op 47th"]
[Site "Cologne"]
[Date "1998.11.15"]
[Round "3"]
[White "Boutko, Dimitri"]
[Black "Mueller, Michael"]
[Result "1-0"]
[WhiteElo "2140"]
[BlackElo "2315"]

1.e4 e6 2.d4 d5 3.Nc3 Bb4 4.e5 b6 5.a3 Bf8 6.f4 Ne7 7.Nf3 Qd7 8.Bd3 Nbc6
9.O-O Bb7 10.Ne2 O-O-O 11.g4 h6 12.Ng3 g6 13.Be3 Na5 14.Qe2 Kb8 15.f5 c5
16.dxc5 bxc5 17.b4 c4 18.bxa5 cxd3 19.Qxd3 gxf5 20.gxf5 d4 21.Qxd4 Qxd4 22.Nxd4 Nd5
23.Bf2 Nf4 24.Rfd1 Nh3+ 25.Kf1 Rd5 26.Rab1 Ka8 27.Nb5 Rxd1+ 28.Rxd1 Ba6 29.c4 Nxf2
30.Kxf2 Bc5+ 31.Ke2 exf5 32.Rd5 Bg1 33.Nxf5 Bxh2 34.Nfd6 Bxb5 35.cxb5 Rd8
36.Rc5  1-0

[Event "Cologne op 47th"]
[Site "Cologne"]
[Date "1998.11.18"]
[Round "6"]
[White "Roehrich, Stefan"]
[Black "Mueller, Michael"]
[Result "1-0"]
[WhiteElo "2185"]
[BlackElo "2315"]

1.e4 e6 2.d4 d5 3.Nc3 Bb4 4.e5 Ne7 5.a3 Bxc3+ 6.bxc3 Bd7 7.Nf3 Ba4 8.Rb1 Nd7
9.h4 Nb6 10.h5 h6 11.g4 Qd7 12.Nd2 Qc6 13.Qf3 Rf8 14.Qe3 O-O-O 15.Bd3 Qxc3
16.Bb2 Qc6 17.O-O Nc4 18.Qe2 Nxb2 19.Rxb2 Qc3 20.Rfb1 Nc6 21.Rxb7 Nxd4 22.Qe3 Bxc2
23.R7b3 Bxb3 24.Ba6+ Kd7 25.Qxc3  1-0

[Event "Cologne op 47th"]
[Site "Cologne"]
[Date "1998.11.21"]
[Round "9"]
[White "Simon, Peter"]
[Black "Mueller, Michael"]
[Result "0-1"]
[WhiteElo "2100"]
[BlackElo "2315"]

1.e4 e6 2.d4 d5 3.Nc3 Bb4 4.e5 Ne7 5.Qg4 Nf5 6.Bd3 h5 7.Qf4 Nc6 8.Bxf5 exf5
9.Nf3 Be6 10.Bd2 Ne7 11.O-O-O Ng6 12.Qe3 Be7 13.g3 h4 14.h3 Qd7 15.Qd3 O-O-O
16.Bg5 Rh5 17.Bxe7 Qxe7 18.Rdg1 hxg3 19.fxg3 f4 20.g4 Rh6 21.Qf1 c5 22.Ne2 Qc7
23.Qf2 Rdh8 24.h4 cxd4 25.Qxd4 Nxh4 26.Nxh4 Rxh4 27.Rxh4 Rxh4 28.Nxf4 Rh2
29.c3 Qa5 30.Kb1 Qb5 31.Nd3 Re2 32.a4 Qc4 33.Qxc4+ dxc4  0-1

[Event "BL2-S9899"]
[Site "Germany"]
[Date "1998.11.22"]
[Round "2.8"]
[White "Hiermann, Dietmar"]
[Black "Buhmann, Rainer"]
[Result "0-1"]
[WhiteElo "2140"]
[BlackElo "2255"]

1.e4 e6 2.d4 d5 3.Nc3 Bb4 4.e5 Ne7 5.a3 Bxc3+ 6.bxc3 c5 7.Nf3 Qc7 8.Be2 Nbc6
9.O-O Bd7 10.a4 f6 11.exf6 gxf6 12.c4 O-O-O 13.g3 dxc4 14.dxc5 e5 15.Qd6 Bh3
16.Qxc7+ Kxc7 17.Rd1 Rxd1+ 18.Bxd1 Rd8 19.Be2 Nf5 20.c3 Na5 21.Nd2 Ne7 22.f4 Bf5
23.Kf2 Bd3 24.Bxd3 Rxd3 25.fxe5 fxe5 26.Ke2 Rxc3 27.Bb2 Rc2 28.Bxe5+ Kc6
29.Kd1 Rxd2+ 30.Kxd2 Nb3+ 31.Ke3 Nxa1 32.Bxa1 Kxc5 33.Bd4+ Kb4 34.Bxa7 Kxa4
35.g4 Ng6 36.Kd2 Kb3 37.Bb8 c3+ 38.Kc1 Nh4 39.Bf4 Nf3 40.g5 b5 41.Kb1 c2+
42.Ka1 Nxh2 43.Bd2 Nf3 44.Be3 Nxg5 45.Bxg5 h5 46.Bh6 h4 47.Bf4 h3 48.Bd2 h2
49.Bc1 b4  0-1

[Event "Tanta op"]
[Site "Tanta"]
[Date "1998.11.22"]
[Round "6"]
[White "Kobese, Watu"]
[Black "Georg, Magdy"]
[Result "1/2-1/2"]
[WhiteElo "2415"]
[BlackElo "2330"]

1.e4 e6 2.d4 d5 3.Nc3 Bb4 4.e5 Qd7 5.a3 Bxc3+ 6.bxc3 b6 7.a4 Ba6 8.Bxa6 Nxa6
9.Qg4 f5 10.Qh5+ g6 11.Qe2 Nb8 12.h4 h6 13.Nh3 Nc6 14.Nf4 Nge7 15.Ba3 Rg8
16.Bb4 a5 17.Ba3 Nd8 18.O-O Nec6 19.Rfd1 Ne7 20.c4 Ndc6 21.c5 bxc5 22.Bxc5 Kf7
23.Ba3 Rab8 24.Qe3 Nb4 25.Bxb4 Rxb4 26.Nd3 Rxa4 27.Rab1 Qd8 28.Nc5 Rb4 29.Qxh6 Rh8
30.Qf4 Nc6 31.c3 Rxh4 32.Qf3 Rb6 33.g3 Rh8  1/2-1/2

[Event "Max Wilkerson"]
[Site "San Francisco"]
[Date "1998.11.25"]
[Round "7"]
[White "Cartagena, Omar"]
[Black "Rey, Guillermo"]
[Result "0-1"]
[WhiteElo "2435"]
[BlackElo "2370"]

1.e4 e6 2.d4 d5 3.Nc3 Bb4 4.e5 Ne7 5.a3 Bxc3+ 6.bxc3 c5 7.Nf3 Qc7 8.h4 Bd7
9.a4 Qa5 10.Bd2 c4 11.Qb1 Nbc6 12.h5 h6 13.Be2 O-O-O 14.O-O f6 15.Re1 fxe5
16.dxe5 g5 17.hxg6 Nxg6 18.Bf1 Rdf8 19.Qb5 Qc7 20.Qc5 Rxf3 21.gxf3 Nh4 22.Qe3 Nxe5
23.Kh1 Nexf3 24.Qf4 Qxf4 25.Bxf4 Nxe1 26.Rxe1 Rf8 27.Bg3 Nf5 28.Be5 Bxa4
29.Ra1 Bc6 30.Rxa7 Kd7 31.Kh2 Nh4 32.Kh3 Nf3 33.Bg3 e5 34.Ra1 Ng5+  0-1

[Event "AMEBS"]
[Site "La Plata"]
[Date "1998.11.30"]
[Round "9"]
[White "Van Riemsdijk, Herman C"]
[Black "Giaccio, Alfredo"]
[Result "1-0"]
[WhiteElo "2405"]
[BlackElo "2460"]

1.e4 e6 2.d4 d5 3.Nc3 Bb4 4.e5 Qd7 5.Bd2 Bxc3 6.Bxc3 b6 7.Qg4 f5 8.exf6 Nxf6
9.Qh4 Ba6 10.Bxa6 Nxa6 11.Nf3 Qe7 12.Ne5 O-O 13.O-O Rae8 14.f3 Nb8 15.Nd3 Nc6
16.Rfe1 Nd7 17.Qxe7 Rxe7 18.Bb4 Nxb4 19.Nxb4 Ree8 20.Na6 Rf6 21.c4 Rc8 22.Rac1 c5
23.cxd5 exd5 24.b4 c4 25.b5 Rf4 26.Red1 Rff8 27.Re1 Rf4 28.Red1 Rff8 29.Nb4 Nf6
30.Re1 Rc7 31.Re5 Rd8 32.Kf2 h5 33.Ke3 h4 34.Kd2 Rf7 35.Rce1 Kf8 36.R1e3 g6
37.Rg5 Kg7 38.Nc6 Rd6 39.Ne5 Re7 40.Nxg6 Rxe3 41.Nf4+ Kf7 42.Kxe3 a6 43.a4 axb5
44.axb5 Rd8 45.Rf5 Ke7 46.g4 hxg3 47.hxg3 Ra8 48.Re5+ Kd7 49.Nxd5 Ra3+ 50.Kf4 Nxd5+
51.Rxd5+ Ke6 52.Rh5 c3 53.Ke4 Kd7 54.Rh7+ Kc8 55.Rh6  1-0

[Event "Clichy"]
[Site "Clichy"]
[Date "1998.12.12"]
[Round "1"]
[White "Fontaine, Robert"]
[Black "Bergez, Luc"]
[Result "0-1"]
[WhiteElo "2360"]
[BlackElo "2420"]

1.e4 e6 2.d4 d5 3.Nc3 Bb4 4.e5 Ne7 5.a3 Bxc3+ 6.bxc3 c5 7.Nf3 Nbc6 8.h4 f6
9.h5 fxe5 10.Nxe5 Nxe5 11.dxe5 Qc7 12.f4 Bd7 13.Be2 O-O-O 14.O-O g6 15.Be3 Rhg8
16.Bg4 gxh5 17.Bh3 Rg3 18.Bf2 Rxc3 19.Bh4 Rg8 20.Rf3 Rxf3 21.Qxf3 Ng6 22.Bf6 Qb6
23.Rf1 c4+ 24.Kh2 Qd4 25.Qxh5 Nxf4 26.Qxh7 Re8 27.Qh4 Ne2 28.Qh5 Qe4 29.Bg7 d4
30.Qg4 Qxc2 31.Bh6 d3 32.Be3 Qc3 33.Qh5 Qxa3 34.Bg4 d2 35.Bxe2 Qxe3 36.Bxc4 Bc6
37.Rf6 d1=Q 38.Bxe6+ Kb8 39.Qxd1 Qxe5+  0-1

[Event "Oxford Grandmasters 'A'"]
[Site "Oxford"]
[Date "1998.12.22"]
[Round "8"]
[White "Hector, Jonny"]
[Black "McDonald, Neil R"]
[Result "1/2-1/2"]
[WhiteElo "2510"]
[BlackElo "2490"]

1.e4 e6 2.d4 d5 3.Nc3 Bb4 4.e5 Ne7 5.Bd2 b6 6.Nce2 Bxd2+ 7.Qxd2 Ba6 8.Nf3 c5
9.g3 Nbc6 10.c3 O-O 11.Bh3 Kh8 12.O-O f5 13.exf6 Rxf6 14.Ng5 e5 15.dxe5 Nxe5
16.f4 Nf7 17.Nxf7+ Rxf7 18.Rf2 Qd6 19.Re1 Raf8 20.Nc1 g5 21.f5 Nxf5 22.Qxg5 Qg6
23.Qxg6 hxg6 24.Bf1 Bxf1 25.Rfxf1 d4 26.cxd4 Nxd4 27.Rxf7 Rxf7 28.Kg2 c4
29.Re4  1/2-1/2

[Event "Bayern-ch Bank Hofmann 2nd"]
[Site "Bad Wiesse"]
[Date "1998.??.??"]
[Round "6"]
[White "Meyer, Hartmut"]
[Black "De Francesco, Klaus"]
[Result "1-0"]
[WhiteElo "2140"]
[BlackElo "2290"]

1.e4 e6 2.d4 d5 3.Nc3 Bb4 4.e5 Ne7 5.a3 Bxc3+ 6.bxc3 c5 7.Qg4 Qc7 8.Qxg7 Rg8
9.Qxh7 cxd4 10.Ne2 Nbc6 11.f4 Bd7 12.Qd3 dxc3 13.Rb1 Nf5 14.h3 Na5 15.g4 Ne7
16.Nxc3 Nc4 17.Ne4 Nxe5 18.Nf6+ Kd8 19.Qb3 Rg6 20.Nxd7 Nxd7 21.Bd2 e5 22.Qxb7 Qxb7
23.Rxb7 e4 24.Bb5 Nc6 25.f5 Rd6 26.O-O Rb8 27.Rxb8+ Ncxb8 28.Bb4 Rh6 29.Kg2 a6
30.Ba4 Nb6 31.g5 Rh5 32.Ba5 Rxg5+ 33.Kh2 Kc7 34.Rb1 Nd7 35.Bxd7 Kxd7 36.Bxb6 Rxf5
37.Bd4 Rf3 38.Rb7+ Ke6 39.Rb6+ Kd7 40.Rb3 Rf1 41.h4 Rd1 42.c3 Rd2+ 43.Kg3 f5
44.Kf4 Rh2 45.Rb7+ Ke6 46.Rb6+ Kd7 47.Rh6 Rh3 48.Kxf5 Rf3+ 49.Ke5 e3 50.Bxe3 Rxe3+
51.Kxd5 Rxc3 52.Rxa6 Re3 53.Ra7+ Kc8 54.h5 Rh3 55.Kc6 Kb8 56.Ra5 Rd3 57.a4 Rd4
58.Rb5+ Kc8 59.a5 Rd1 60.a6 Ra1 61.Kb6 Kb8 62.Rb4 Rh1 63.Rb5 Ka8 64.Rd5 Rb1+
65.Kc6 Ka7 66.Kd7 Kxa6 67.Ke6 Kb6 68.Kf6 Kc6 69.Rd4 Rf1+ 70.Kg5 Kc5 71.Rd3 Rg1+
72.Kf6 Rf1+ 73.Kg6 Rg1+ 74.Kh7 Rh1 75.h6 Kc6 76.Rd2 Rg1 77.Kh8 Rg6 78.h7 Rg1
79.Rd8 Ra1 80.Kg7  1-0

[Event "Bad Wildungen op"]
[Site "Bad Wildungen"]
[Date "1998.??.??"]
[Round "1"]
[White "Blum, Ralf"]
[Black "Schild, Christoph"]
[Result "0-1"]
[WhiteElo "2075"]
[BlackElo "2195"]

1.d4 e6 2.e4 d5 3.Nc3 Bb4 4.e5 Ne7 5.Bd2 Bd7 6.Nf3 c5 7.Bd3 Bxc3 8.Bxc3 c4
9.Bf1 Nbc6 10.g3 b5 11.Bg2 Qb6 12.b4 cxb3 13.cxb3 Rc8 14.O-O b4 15.Bb2 O-O
16.Qd2 a5 17.Rac1 a4 18.bxa4 Na5 19.Qg5 Ng6 20.Rxc8 Rxc8 21.Rc1 Nc4 22.Ba1 Qa5
23.Qh5 h6 24.Nh4 Nxh4 25.Qxh4 Qxa4 26.Qe7 Qa3 27.Rf1 Bb5 28.Bh3 Nd2 29.Bxe6 Rf8
30.Bxf7+ Rxf7 31.Qd8+ Kh7 32.e6 Qd3 33.Rd1 Rxf2 34.Kxf2 Qf3+ 35.Kg1 Qxd1+
36.Kg2 Qf1+  0-1

[Event "Stadtcasino op 3rd"]
[Site "Baden"]
[Date "1998.??.??"]
[Round "8"]
[White "Pikula, Dejan"]
[Black "Pfister, Peter"]
[Result "1-0"]
[WhiteElo "2440"]
[BlackElo "2185"]

1.e4 e6 2.d4 d5 3.Nc3 Bb4 4.e5 Ne7 5.a3 Bxc3+ 6.bxc3 c5 7.h4 Bd7 8.h5 Ba4
9.h6 g6 10.Nf3 Qc7 11.Ra2 Nbc6 12.Bg5 cxd4 13.Bf6 O-O 14.cxd4 Qa5+ 15.Qd2 Qb6
16.Ra1 Qb2 17.Rc1 Qxa3 18.Bd3 Rfe8 19.O-O b5 20.Ra1 Qb4 21.c3 Qa5 22.Qf4 Qc7
23.Nh2 Reb8 24.Ng4 Rb7 25.Bg7 f5 26.Nf6+  1-0

[Event "Oberliga Bayern9798"]
[Site "Bayern"]
[Date "1998.??.??"]
[Round "?"]
[White "Pflug, Matthias"]
[Black "De Francesco, Klaus"]
[Result "1-0"]
[WhiteElo "2080"]
[BlackElo "2190"]

1.e4 e6 2.d4 d5 3.Nc3 Bb4 4.e5 Qd7 5.a3 Bf8 6.Be3 b6 7.f4 Ne7 8.Nf3 Ba6 9.Bxa6 Nxa6
10.Qe2 Nb8 11.O-O-O Nf5 12.Bf2 h5 13.g3 c5 14.h3 cxd4 15.Nb5 Nc6 16.Nfxd4 Ncxd4
17.Nxd4 Nxd4 18.Bxd4 g6 19.Kb1 Qa4 20.Qd3 b5 21.g4 Qc4 22.Qd2 a5 23.f5 gxf5
24.gxf5 Bh6 25.Qf2 Rc8 26.fxe6 fxe6 27.Qf6 Qxc2+ 28.Ka1 Rh7 29.Qxe6+ Kf8
30.Rdf1+ Kg7 31.Rf7+ Kh8 32.Rxh7+ Kxh7 33.Qf7+ Bg7 34.Rg1  1-0

[Event "Landesliga Sued9798"]
[Site "Bayern"]
[Date "1998.??.??"]
[Round "?"]
[White "Moebus, Martin"]
[Black "Turcan, Milan"]
[Result "1/2-1/2"]
[WhiteElo "2115"]
[BlackElo "2100"]

1.e4 e6 2.d4 d5 3.Nc3 Bb4 4.e5 b6 5.Qg4 Bf8 6.Bd2 Ne7 7.h4 Nbc6 8.h5 h6 9.Nf3 Bb7
10.Qf4 Qd7 11.g4 Ng8 12.g5 hxg5 13.Nxg5 f6 14.Nf3 O-O-O 15.O-O-O fxe5 16.Nxe5 Nxe5
17.Qxe5 Bd6 18.Qe2 Nh6 19.Nb5 Kb8 20.Nxd6 Qxd6 21.Bh3 Nf5 22.Qg4 Qd7 23.Bf4 Qf7
24.Qg6 Rdf8 25.Qxf7 Rxf7 26.Bg4 Nh6 27.Bxh6  1/2-1/2

[Event "Landesliga Nord 9899"]
[Site "Bayern"]
[Date "1998.??.??"]
[Round "?"]
[White "Konsek, Peter"]
[Black "Schlickenrieder, Gerhard"]
[Result "1-0"]
[WhiteElo "2000"]
[BlackElo "2095"]

1.e4 e6 2.d4 d5 3.Nc3 Bb4 4.e5 Ne7 5.a3 Bxc3+ 6.bxc3 c5 7.Nf3 Nbc6 8.Be2 Qc7
9.O-O O-O 10.a4 b6 11.h4 f6 12.Bf4 fxe5 13.Bh2 Ng6 14.Qd2 Qe7 15.h5 Nf4 16.Nxe5 Nxe2+
17.Qxe2 Nxe5 18.Bxe5 Bd7 19.h6 g6 20.Bg7 Rf7 21.Rfe1 Qg5 22.c4 cxd4 23.cxd5 Qxd5
24.Rad1 e5 25.Bxe5 Bc6 26.f3 Re8 27.Rxd4 Qc5 28.Qe3 Qxc2 29.Rc1 Qf5 30.Rxc6 Qxe5
31.Re4 Qa1+ 32.Kh2 Ref8 33.Re8 Qa2 34.Qe5 Rxe8 35.Qxe8+ Rf8 36.Rxg6+  1-0

[Event "Oberliga Bayern9899"]
[Site "Bayern"]
[Date "1998.??.??"]
[Round "?"]
[White "Unzicker, Ferdinand"]
[Black "Wagner, Anselm"]
[Result "0-1"]
[WhiteElo "2265"]
[BlackElo "2400"]

1.e4 e6 2.d4 d5 3.Nc3 Bb4 4.e5 Ne7 5.a3 Bxc3+ 6.bxc3 c5 7.Qg4 Qc7 8.Qxg7 Rg8
9.Qxh7 cxd4 10.Ne2 Nbc6 11.f4 Bd7 12.Qd3 dxc3 13.Nxc3 a6 14.Rb1 Nf5 15.Ne2 d4
16.h3 Nce7 17.g4 Bc6 18.Rg1 Nh4 19.Rg3 O-O-O 20.Rb4 Bb5 21.Qh7 Neg6 22.a4 Bc6
23.Nxd4 Bd5 24.Bd2 Kb8 25.Bxa6 Ka8 26.Nxe6 Qxc2 27.Bd3 Ng2+ 28.Ke2 Qc6 29.Nxd8 Rxd8
30.Qg7 N6h4 31.Be3 Bf3+ 32.Kd2 Nxe3 33.Rxf3 Nxf3+ 34.Kxe3 Qc5+ 35.Kxf3 Rxd3+
36.Ke2 Qc2+  0-1

[Event "Berliner Sommer 16th"]
[Site "Berlin"]
[Date "1998.??.??"]
[Round "1"]
[White "Joergens, Sven"]
[Black "Eingorn, Vereslav S"]
[Result "0-1"]
[WhiteElo "2100"]
[BlackElo "2610"]

1.e4 e6 2.d4 d5 3.Nc3 Bb4 4.e5 Ne7 5.Qg4 Nf5 6.Nf3 Nc6 7.Be3 Nce7 8.Bd3 h5
9.Qh3 c5 10.g4 Nxd4 11.Nxd4 cxd4 12.Bxd4 Nc6 13.Bb5 Bd7 14.O-O-O Rc8 15.Kb1 Nxd4
16.Bxd7+ Qxd7 17.Rxd4 Bxc3 18.bxc3 Qc7 19.f4 Qxc3 20.Qxc3 Rxc3 21.Ra4 a6
22.Rb4 b5 23.g5 O-O 24.a4 bxa4 25.Rg1 g6 26.Rxa4 Rb8+ 27.Kc1 Rbc8 28.Rg2 R3c4
29.Rxc4 Rxc4 30.Rf2 Kf8 31.Kb2 Ke7 32.Kb3 Kd7 33.c3 Kc6 34.Rf3 a5 35.h3 a4+
36.Ka3 Kc5 37.Rf1 Rxc3+ 38.Kxa4 d4  0-1

[Event "Bischwiller"]
[Site "Bischwiller"]
[Date "1998.??.??"]
[Round "5"]
[White "Videki, Sandor"]
[Black "Vallin, Guillaume"]
[Result "1-0"]
[WhiteElo "2430"]
[BlackElo "2270"]

1.e4 e6 2.d4 d5 3.Nc3 Bb4 4.e5 Qd7 5.a3 Bf8 6.Nf3 b6 7.Bb5 c6 8.Ba4 Ba6 9.Ne2 Bxe2
10.Qxe2 b5 11.Bb3 a5 12.c3 h5 13.O-O Ne7 14.a4 bxa4 15.Bxa4 Nc8 16.Bc2 Nb6
17.b3 Qb7 18.Be3 N8d7 19.Ra2 Ra7 20.Rfa1 Qa8 21.c4 dxc4 22.bxc4 c5 23.d5 exd5
24.e6 fxe6 25.Bg6+ Ke7 26.Re1 Qc8 27.Bg5+ Kd6 28.cxd5 exd5 29.Ne5 Nxe5 30.Qxe5+ Kc6
31.Rb2 Nc4 32.Be8+ Rd7 33.Rb8 Nxe5 34.Rxc8+ Kb7 35.Bxd7 Nxd7 36.Rd8 Kc6 37.Re6+ Kc7
38.Rde8 Rh7 39.Bf4+  1-0

[Event "Bled op"]
[Site "Bled"]
[Date "1998.??.??"]
[Round "1"]
[White "Starc, Christian"]
[Black "Kovacevic, Blazimir"]
[Result "0-1"]
[WhiteElo "2170"]
[BlackElo "2395"]

1.e4 e6 2.d4 d5 3.Nc3 Bb4 4.e5 Qd7 5.Qg4 f5 6.Qg3 b6 7.Nh3 Ba6 8.Bxa6 Nxa6
9.O-O Bf8 10.a3 Nb8 11.Ne2 Nc6 12.c3 Na5 13.Nef4 O-O-O 14.Ng5 Re8 15.Qh3 Nh6
16.Qd3 Kb7 17.Rb1 Nf7 18.Ngxe6 Rxe6 19.Qxf5 Nd8 20.Nxe6 Nxe6 21.b3 g6 22.Qh3 Qf7
23.a4 Qf5 24.Qxf5 gxf5 25.Rd1 Nc6 26.Rd3 Ne7 27.g3 h5 28.Rf3 Bh6 29.h4 Bxc1
30.Rxc1 a5 31.Rd1 c5 32.dxc5 bxc5 33.b4 axb4 34.cxb4 c4 35.b5 Ra8 36.Ra3 Kb6
37.f4 d4 38.g4 hxg4 39.h5 d3 40.Rc1 d2 41.Rd1 Rd8 42.Rc3 Kc5 43.b6 Kb4 44.Rc2 c3
45.b7 Nc6 46.Rb1+ Kc4 47.a5 d1=R+ 48.Rxd1 Rxd1+ 49.Kf2 Rd8  0-1

[Event "Bucharest Fest GM"]
[Site "Bucharest"]
[Date "1998.??.??"]
[Round "?"]
[White "Iordachescu, Viorel"]
[Black "Dumitrache, Dragos"]
[Result "1-0"]
[WhiteElo "2515"]
[BlackElo "2420"]

1.e4 e6 2.d4 d5 3.Nc3 Bb4 4.e5 Ne7 5.a3 Bxc3+ 6.bxc3 b6 7.Qg4 Kf8 8.a4 Ba6
9.Bxa6 Nxa6 10.Ba3 c5 11.Nh3 Rc8 12.O-O cxd4 13.cxd4 Kg8 14.Bxe7 Qxe7 15.f4 Nb4
16.f5 Nxc2 17.Rac1 Qe8 18.fxe6 fxe6 19.Ng5 h5 20.Qf4 Rc4 21.Rcd1 Qe7 22.Nf7 Rh7
23.Rf3 g6 24.Nd6 g5 25.Qd2 Nxd4 26.Rf6 Rxa4 27.Rdf1 Rg7 28.Qd1 b5 29.Rf8+ Qxf8
30.Rxf8+ Kxf8 31.Qxh5 Ra1+ 32.Kf2 Ra2+ 33.Kf1 Ra1+ 34.Kf2 Ra2+ 35.Ke1 Kg8
36.Ne8 Re2+ 37.Kd1 Rxe5 38.Nf6+ Kf8 39.Qe8+  1-0

[Event "Budapest Nyar-A"]
[Site "Budapest"]
[Date "1998.??.??"]
[Round "1"]
[White "Gyimesi, Zoltan"]
[Black "Karatorossian, David"]
[Result "1/2-1/2"]
[WhiteElo "2525"]
[BlackElo "2395"]

1.e4 e6 2.d4 d5 3.Nc3 Bb4 4.e5 b6 5.a3 Bxc3+ 6.bxc3 Qd7 7.Qg4 f5 8.Qg3 Ba6
9.Bxa6 Nxa6 10.Ne2 O-O-O 11.a4 Nb8 12.Qd3 Nc6 13.Bg5 Nge7 14.a5 Kb8 15.O-O h6
16.axb6 hxg5 17.bxa7+ Ka8 18.Rfb1 Nc8 19.Rb7 Nb6 20.Qa6 Ne7 21.Rb1 Qc6 22.R1xb6 cxb6
23.Rxe7 Rd7 24.Rxd7 Qxd7 25.Qxb6 Qb7 26.Qxb7+ Kxb7 27.h3 Kxa7 28.f4 gxf4
29.Nxf4 Re8 30.Kf2 Kb6 31.Ke3 g5 32.Nd3 Kb5 33.Nc5 Kc4 34.Kd2 Re7 35.Nd3 Rg7
36.Nc5 Re7 37.Nd3 Rg7 38.Nc5 Rg6 39.Nb7 Kb5 40.Nd6+ Kc6 41.Ke3 Rg7 42.c4 dxc4
43.Nxc4 Ra7 44.Nd2 Ra1 45.Nb3 Rg1 46.Kf2 Rb1 47.Nc5 Kd5 48.c4+ Kxd4 49.Nxe6+ Kxe5
50.Nxg5 Rb2+ 51.Kf3 Rb3+ 52.Kf2 Rc3 53.Nf3+ Ke4 54.Nd2+ Kf4 55.g4  1/2-1/2

[Event "Budapest FS06 IM"]
[Site "Budapest"]
[Date "1998.??.??"]
[Round "7"]
[White "Lengyel, Bela"]
[Black "Jamrich, Gyorgy"]
[Result "1-0"]
[WhiteElo "2385"]
[BlackElo "2275"]

1.e4 e6 2.d4 d5 3.Nc3 Bb4 4.e5 b6 5.Bd2 Qd7 6.Nf3 Ne7 7.Ne2 Bxd2+ 8.Qxd2 Ba6
9.c3 c5 10.Nf4 Bxf1 11.Kxf1 h5 12.g3 Nbc6 13.Kg2 Rh6 14.h4 Nf5 15.b4 c4 16.a4 a6
17.Ng5 Nce7 18.Qe2 g6 19.f3 Nc6 20.Qd2 Rh8 21.g4 Ng7 22.Ne2 O-O-O 23.a5 b5
24.Nf4 Rdf8 25.Rae1 Ne7 26.Re2 Ng8 27.Kg1 Ne7 28.Qe1 Ng8 29.Rhh2 Ne7 30.Re3 Ng8
31.Rhe2 Ne7 32.Ng2 Kd8 33.Qd2 Kc8 34.Re1 Kd8 35.R3e2 Kc8 36.Qf4 Ng8 37.Nh3 Qe7
38.Qg5 Qxg5 39.Nxg5 Kd7 40.Kh2 Ne7 41.Kg3 Ke8 42.Rh1 Kd7 43.Rh2 Ke8 44.Ne3 Kd7
45.Re1 Ng8 46.Nh3 Ne7 47.Nf4 Kc6 48.Rg1 Kd7 49.Rh3 Ke8 50.Rhh1 Kd7 51.Kf2 Ke8
52.Nf1 Rfg8 53.Ng3 Kf8 54.Rg2 Rh7 55.gxh5 Nxh5 56.Ngxh5 gxh5 57.Rxg8+ Nxg8
58.Rg1 Ne7 59.Rg5 Nf5 60.Nxh5 Nxh4 61.Nf6 Rh8 62.Nd7+ Ke7 63.Nc5 Ra8 64.Kg3 Nf5+
65.Rxf5 exf5 66.Kf4 Kd8 67.Kxf5 Rc8 68.Nxa6 Rc6 69.Nc5 Rxc5 70.dxc5 d4 71.Ke4 dxc3
72.Ke3  1-0

[Event "Golden Cleopatra"]
[Site "Cairo"]
[Date "1998.??.??"]
[Round "6"]
[White "Cherevatenko, Roman"]
[Black "Hassan, Sayed Barakat"]
[Result "1-0"]
[WhiteElo "2385"]
[BlackElo "2325"]

1.e4 e6 2.d4 d5 3.Nc3 Bb4 4.e5 Ne7 5.a3 Bxc3+ 6.bxc3 c5 7.Qg4 Qc7 8.Bd3 c4
9.Be2 Nf5 10.Nf3 Bd7 11.Qh5 Nc6 12.g4 Nfe7 13.Ng5 Ng6 14.f4 Qa5 15.Bd2 O-O-O
16.Nxf7 Nxf4 17.Qg5 Ng2+ 18.Kd1 h6 19.Qxg7 Rhg8 20.Qxh6 Rdf8 21.Rg1 Rxf7
22.Rxg2 Rgf8 23.Qe3 Qb6 24.Kc1 Ne7 25.h4 Ng6 26.Rh2 Ba4 27.Rb1 Qa5 28.h5 Nf4
29.Bd1 Nd3+ 30.cxd3 Rf1 31.Be1 Bxd1 32.Kxd1 Qxc3 33.Rd2 Qxa3 34.Ke2 Qa6 35.Rc1 Rh1
36.Qg3 Qa3 37.Rdd1 Qb2+ 38.Ke3 b5 39.Bd2 Rxd1 40.Rxd1 Qc2 41.Ke2 c3 42.g5 b4
43.g6 b3 44.g7 Rg8 45.h6 b2 46.h7  1-0

[Event "Cannes op"]
[Site "Cannes"]
[Date "1998.??.??"]
[Round "2"]
[White "Gallagher, Joseph G"]
[Black "Huss, Andreas"]
[Result "1-0"]
[WhiteElo "2490"]
[BlackElo "2330"]

1.e4 e6 2.d4 d5 3.Nc3 Bb4 4.e5 b6 5.Qg4 Bf8 6.h4 h5 7.Qd1 Ba6 8.Bxa6 Nxa6
9.Nce2 Qd7 10.Ng3 Be7 11.Qe2 Nb4 12.c3 Nc6 13.Nf3 Na5 14.b3 a6 15.O-O Qb5
16.Qc2 c5 17.Rd1 Rc8 18.dxc5 Bxc5 19.Bg5 Qc6 20.Qe2 Be7 21.Qxa6 Bxg5 22.Nxg5 Ne7
23.Qe2 Ng6 24.Nxh5 Nxh4 25.Qg4 Nf5 26.Rac1 Ke7 27.Nh3 g6 28.Nf6 Rh4 29.Qg5 Kf8
30.Nf4 Kg7 31.N6h5+ Kh7 32.Ng3 Rh6 33.Nxf5 gxf5 34.Nh5 Rg6 35.Qh4 Kg8 36.Rd3 d4
37.Rg3 Rxg3 38.Qxg3+ Kf8 39.c4 Ke7 40.Qh4+ Ke8 41.Nf6+ Kf8 42.Qxd4  1-0

[Event "Cannes op"]
[Site "Cannes"]
[Date "1998.??.??"]
[Round "3"]
[White "Hamdouchi, Hichem"]
[Black "Kovacevic, Blazimir"]
[Result "1-0"]
[WhiteElo "2535"]
[BlackElo "2395"]

1.e4 e6 2.d4 d5 3.Nc3 Bb4 4.e5 Ne7 5.Bd2 b6 6.Nce2 Bxd2+ 7.Qxd2 Ba6 8.Nf3 c5
9.c3 O-O 10.g3 Nbc6 11.Bh3 Ng6 12.O-O cxd4 13.cxd4 Qe7 14.Rfc1 Rfc8 15.Bf1 Na5
16.b3 Qb7 17.h4 h6 18.h5 Ne7 19.g4 Rxc1 20.Rxc1 Rc8 21.Rxc8+ Qxc8 22.g5 hxg5
23.Qxg5 Bxe2 24.Bxe2 Nf5 25.Bd3 Nh6 26.Qe7 Nc6 27.Qd6 Nf5 28.Bxf5 exf5 29.Qxd5 Nb4
30.Qd6 f4 31.e6 Nd3 32.Qd7 Qc1+ 33.Kh2 Nxf2 34.Qd8+ Kh7 35.Ng5+ Kh6 36.Nxf7+ Kxh5
37.Qg5+  1-0